1289 1641 1429 1317 1007 1203 1321 1631 1450 1477 1331 1184 1875 1380 1138 1925 1648 1141 1846 1826 1155 1517 1110 1456 1084 1622 1837 1810 1959 1073 1523 1524 1564 1247 1123 1264 1101 1756 1929 1773 1145 1429 1201 1693 1429 1255 1765 1122 1445 1740 1442 1848 1784 1755 1816 1726 1923 1942 1393 1283 1401 1775 1318 1495 1265 1332 1237 1250 1784 1735 1533 1559 1615 1579 1136 1831 1400 1703 1502 1482 1432 1475 1994 1691 1730 1376 1886 1718 1437 1510 1159 1110 1947 1278 1011 1215 1574 1112 1415 BCNSPRNW ULIB Ver.6.0+V

เปลี่ยนเป็นภาษาไทย

Change to English
 แสดงรายละเอียดบรรณานุกรม
  กลับหน้าหลัก

Brief Record : Get Marc (ISO 2709) : E-mail record : QR code < ปิดหน้าต่าง
LEADER : 00000nam 2200000uu 4500
001    13399122875
003     ULIB
008    131024s2012||||th 000 0 eng d
020    ^a160547777X (hardcover) ^c^81.99
020    ^a9781605477770 (hardcover)
060  4 WY152^bM55n
100 1  ^aAHN-BC, Carol A. Miller
245 10 ^aNursing for wellness in older adults / ^cCarol A. Miller
250    ^aSixth ed.
260    ^a[S.l.] : ^bLippincott Williams & Wilkins, ^c2012.
300    ^a624 p. ; ^c28 cm.
490 1  ^aMiller, nursing for wellness in older adults.
520    ^aTextbook provides a theory-based framework for nursing students and practicing nurses enabling them to address the unique health care needs of older adults. Features critical thinking exercises and abundant color illustrations.
650  4 Geriatric Nursing
650  4 Aged-Psychology
650  4 Health Pro
830  0 ^aMiller, nursing for wellness in older adults.
945    ^p0^l0^i034095
999    ^aเกษร โพธิ์สุวรรณ
รายการนี้ยังไม่มีแท็ก
คุณยังไม่ได้ล็อกอิน คุณสามารถมีกิจกรรมร่วมกับเว็บไซต์ได้ แต่ต้องล็อกอินก่อน ::
  ล็อกอิน

รายการสื่อสารสนเทศ

ลำดับที่ ประเภท เลขเรียก/บาร์โค้ด สถานที่ สถานะ
1. Book การพยาบาล
Book การพยาบาล
WY152 M55n  
  Barcode: 034095
ห้องสมุดวิทยาเขตสวรรค์ประชารักษ์
►หนังสือทั่วไป
บนชั้น

รายการใกล้เคียง
    ผู้แต่ง [AHN-BC, Carol A. Miller]

    หัวเรื่อง [Geriatric Nursing]
    หัวเรื่อง [Aged-Psychology]
    หัวเรื่อง [Health Pro]

BibComment


ยังไม่เคยถูกคอมเมนท์

คอมเมนท์ทรัพยากรรายการนี้
  คอมเมนท์: Nursing for well..


 Copyright 2026. Bcnsprnw @Library